Sustratos. Propiedades y caracterización

Enregistré dans:
Détails bibliographiques
Auteur principal: Ansorena Miner, Javier
Format: Livre
Langue:espagnol
Publié: Madrid, España Mundi-Prensa 1994
Sujets:
Accès en ligne:Disponible Online
Tags: Ajouter un tag
Pas de tags, Soyez le premier à ajouter un tag!

MARC

LEADER 00000nam a2200000 a 4500
001 UCS5155
003 CL-VaPUC
005 20220303085505.0
008 970830e19940000SP |||||||||||||||||spa|d
999 |c 261785  |d 261783 
040 |c Pontificia Universidad Católica de Valparaíso 
082 0 4 |a 631.86 ANS 1994  |2 21 
100 0 |a Ansorena Miner, Javier  |9 390958 
245 1 0 |a Sustratos.  |b Propiedades y caracterización 
260 0 3 |a Madrid, España  |b Mundi-Prensa  |c 1994 
300 |a 172 páginas 
583 |a last modification  |c 20170828 09:31:44  |k Rodrigo Vera 
650 0 |a Sustratos  |x Propiedades   |9 602250 
650 7 |a Nutrición   |x Plantas   |9 860790 
650 7 |a Plantas  |x Medios de cultivo   |9 860791 
856 |u http://bibliografiadigital.pucv.cl.pucv.idm.oclc.org/index.php/bibliotecapucv/catalog/book/371  |y Disponible Online  
942 |c BK  |2 ddc 
945 |d 19970830 00:00:00  |a rleighto 
952 |0 0  |1 0  |2 ddc  |4 0  |6 631_860000000000000_ANS_1994  |7 0  |8 A  |9 289572  |a BIBAGR  |b BIBAGR  |d 2019-11-19  |i 3343391  |l 1  |o 631.86 ANS 1994  |p 3343391  |r 2025-01-20  |s 2024-09-11  |t 1  |w 2019-11-19  |y BK  |k AGR 
952 |0 0  |1 0  |2 ddc  |4 0  |6 631_860000000000000_ANS_1994  |7 0  |8 A  |9 289573  |a BIBAGR  |b BIBAGR  |d 2019-11-19  |i 3343405  |o 631.86 ANS 1994  |p 3343405  |r 2025-01-20  |t 2  |w 2019-11-19  |y BK  |k AGR